| 000 | 00475nam a2200181Ia 4500 | ||
|---|---|---|---|
| 008 | 240925s9999 xx 000 0 und d | ||
| 020 | _a29465745 | ||
| 082 | _a620.104HIB | ||
| 100 | _aHibbeler, R. C. | ||
| 245 | 0 | _aEngineering Mechanics Dynamics | |
| 250 | _a6th | ||
| 260 |
_aNew York: _bMacmillian Publishing Co _c,1992. |
||
| 300 |
_axvi,624p. _bNA _fOriginal |
||
| 500 | _aIncludes Index | ||
| 600 | _aElectrical Engineering | ||
| 650 | _aTechnology | ||
| 942 | _cBK | ||
| 999 |
_c10096 _d10096 |
||